[Event "Mataro IM 1st"]
[Site "Mataro"]
[Date "2005.01.04"]
[Round "8"]
[White "Ferron Garcia, Carlos"]
[Black "Munoz Pantoja, Miguel Angel"]
[Result "0-1"]
[WhiteElo "2305"]
[BlackElo "2404"]
[PlyCount "96"]
[EventDate "2004.12.26"]
[EventType "tourn"]
[EventRounds "9"]
[EventCountry "ESP"]
[EventCategory "4"]
[SourceTitle "CBM 104 Extra"]
[Source "ChessBase"]
[SourceDate "2005.03.01"]
[SourceVersion "1"]
[SourceVersionDate "2005.03.01"]
[SourceQuality "1"]

1. e4 e5 2. Nf3 Nc6 3. d4 exd4 4. Nxd4 Nf6 5. Nc3 Bb4 6. Nxc6 dxc6 7. Qxd8+ Kxd8 8. Bg5 h6 9. Bxf6+ gxf6 10. 0-0-0+ Ke7 11. Bd3 h5 12. Rhe1 Be6 13. h3 h4 14. e5 f5 15. Rd2 Rad8 16. a3 Ba5 17. b4 Bb6 18. Na4 Bd4 19. Bf1 Rd5 20. Rde2 b5 21. c4 Rd7 22. cxb5 cxb5 23. Nc5 Bxc5 24. bxc5 c6 25. Re3 Rd5 26. Rc3 f4 27. g3 hxg3 28. fxg3 Bxh3 29. gxf4 Bxf1 30. Rxf1 Rh2 31. Rff3 Ke6 32. Rf1 a5 33. Rff3 Kf5 34. Rg3 Kxf4 35. Rgf3+ Kxe5 36. Rxf7 Rdd2 37. Rcf3 Rdg2 38. R7f5+ Kd4 39. Rf1 Kc4 40. Kb1 Kb3 41. R5f3+ Ka4 42. Rf6 Kxa3 43. R6f3+ Kb4 44. Rf6 Rb2+ 45. Ka1 Kxc5 46. Rxc6+ Kb4 47. Rf4+ Ka3 48. Rc3+ Rb3 0-1

[Event "Mataro IM 1st"]
[Site "Mataro"]
[Date "2004.12.30"]
[Round "5"]
[White "Gomez Anadon, Daniel"]
[Black "Ferron Garcia, Carlos"]
[Result "1-0"]
[WhiteElo "2304"]
[BlackElo "2305"]
[PlyCount "55"]
[EventDate "2004.12.26"]
[EventType "tourn"]
[EventRounds "9"]
[EventCountry "ESP"]
[EventCategory "4"]
[SourceTitle "CBM 104 Extra"]
[Source "ChessBase"]
[SourceDate "2005.03.01"]
[SourceVersion "1"]
[SourceVersionDate "2005.03.01"]
[SourceQuality "1"]

1. e4 e5 2. Nf3 Nc6 3. Bb5 f5 4. Bxc6 bxc6 5. 0-0 d6 6. d4 fxe4 7. Nxe5 Ne7 8. Ng4 Qd7 9. Ne3 Ba6 10. c4 Nf5 11. Nxf5 Qxf5 12. Qa4 Bb7 13. Nc3 Be7 14. Bd2 0-0 15. Rae1 d5 16. f3 Qh5 17. fxe4 Rxf1+ 18. Rxf1 dxe4 19. c5 Kh8 20. Nxe4 Qe2 21. Re1 Qd3 22. Qb4 Qa6 23. Qb3 Rf8 24. Ng3 Bf6 25. Qf7 Bxd4+ 26. Kh1 Bxc5 27. Re8 h6 28. Bc3 1-0

[Event "Mislata op 12th"]
[Site "Mislata"]
[Date "2004.08.27"]
[Round "9"]
[White "Ferron Garcia, Carlos"]
[Black "Pavia Miralles, Jose Manuel"]
[Result "1-0"]
[WhiteElo "2314"]
[BlackElo "2268"]
[PlyCount "135"]
[EventDate "2004.08.19"]
[EventType "swiss"]
[EventRounds "9"]
[EventCountry "ESP"]
[SourceTitle "EXT 2005"]
[Source "ChessBase"]
[SourceDate "2004.11.15"]
[SourceVersion "1"]
[SourceVersionDate "2004.11.15"]
[SourceQuality "1"]

1. e4 c5 2. c3 d5 3. exd5 Qxd5 4. d4 Nf6 5. Nf3 Bg4 6. Qa4+ Bd7 7. Qb3 cxd4 8. Bc4 Qe4+ 9. Kf1 e6 10. cxd4 Bd6 11. Nc3 Qc6 12. Bg5 Qb6 13. Qxb6 axb6 14. Nb5 Ke7 15. Nxd6 Kxd6 16. Ne5 Ke7 17. d5 Rc8 18. Re1 Be8 19. Bb3 Ba4 20. Bc4 Nbd7 21. b3 Nxe5 22. Rxe5 Bd7 23. dxe6 fxe6 24. Re2 h6 25. Bd2 b5 26. Bd3 Nd5 27. Bb1 b4 28. Re1 Bb5+ 29. Kg1 Nc3 30. h4 Nxb1 31. Bxb4+ Kf7 32. Rxb1 Rxa2 33. Rh3 Rcc2 34. Rf3+ Kg8 35. Rd1 Ra8 36. Re1 Bc6 37. Rg3 Re8 38. Bc3 Re7 39. Ree3 Rf7 40. Rxe6 Rfxf2 41. Rxg7+ Kf8 42. Reg6 Rxg2+ 43. Rxg2 Bxg2 44. Rg3 Bd5 45. Bg7+ Kf7 46. Bxh6 Rb2 47. h5 Rxb3 48. Be3 b5 49. h6 Rb1+ 50. Kf2 Rh1 51. Rg7+ Ke6 52. Rg6+ Kf5 53. Rb6 Bc4 54. Rb7 Bd3 55. Rd7 Be4 56. Rf7+ Ke6 57. Rc7 b4 58. Rc4 Kd5 59. Rxb4 Bb1 60. Kg3 Ke6 61. Kg2 Re1 62. Bf4 Rd1 63. Rxb1 Rxb1 64. h7 Rb2+ 65. Kg3 Kf5 66. h8Q Rb3+ 67. Kf2 Kxf4 68. Qd4+ 1-0

[Event "Mislata op 12th"]
[Site "Mislata"]
[Date "2004.08.19"]
[Round "1"]
[White "Ferron Garcia, Carlos"]
[Black "Garcia Cortes, Julian"]
[Result "1-0"]
[WhiteElo "2314"]
[BlackElo "2008"]
[PlyCount "97"]
[EventDate "2004.08.19"]
[EventType "swiss"]
[EventRounds "9"]
[EventCountry "ESP"]
[SourceTitle "EXT 2005"]
[Source "ChessBase"]
[SourceDate "2004.11.15"]
[SourceVersion "1"]
[SourceVersionDate "2004.11.15"]
[SourceQuality "1"]

1. e4 e6 2. d4 d5 3. Nc3 Bb4 4. a3 Bxc3+ 5. bxc3 Ne7 6. Qg4 c5 7. Qxg7 Rg8 8. Qxh7 cxd4 9. Nf3 Qa5 10. Bd2 dxe4 11. Nxd4 Qe5 12. Qh4 Bd7 13. Rb1 Nbc6 14. Qf4 Qxf4 15. Bxf4 e5 16. Nxc6 Nxc6 17. Bg3 Bg4 18. Rxb7 0-0-0 19. Rb1 f6 20. Ba6+ Kc7 21. 0-0 Rd2 22. f3 exf3 23. gxf3 Bf5 24. Rb7+ Kd6 25. Rf7 Rg6 26. Rf2 Rd1+ 27. Kg2 Nd8 28. Rxa7 Ne6 29. Rf1 Nf4+ 30. Kh1 Rd2 31. Ra8 Nh5 32. Rd8+ Bd7 33. Bb5 Ke7 34. Rxd7+ Rxd7 35. Bxd7 Nxg3+ 36. hxg3 Kxd7 37. Kg2 f5 38. Re1 Ke6 39. Rb1 Kd5 40. Rb5+ Kc4 41. Rxe5 Kxc3 42. Rxf5 Ra6 43. g4 Rxa3 44. g5 Ra2 45. f4 Rxc2+ 46. Kf3 Kd4 47. Rf8 Rc3+ 48. Kg4 Ke4 49. Re8+ 1-0

[Event "Castellar op 13th"]
[Site "Castellar"]
[Date "2004.07.21"]
[Round "8"]
[White "Grigore, George Gabriel"]
[Black "Ferron Garcia, Carlos"]
[Result "1-0"]
[WhiteElo "2507"]
[BlackElo "2314"]
[PlyCount "99"]
[EventDate "2004.07.14"]
[EventType "swiss"]
[EventRounds "9"]
[EventCountry "ESP"]
[SourceTitle "CBM 101 Extra"]
[Source "ChessBase"]
[SourceDate "2004.09.01"]
[SourceVersion "2"]
[SourceVersionDate "2004.09.01"]
[SourceQuality "1"]

1. d4 d5 2. c4 Nc6 3. cxd5 Qxd5 4. e3 e5 5. Nc3 Bb4 6. Bd2 Bxc3 7. bxc3 Nf6 8. Qb3 Qd6 9. Bc1 exd4 10. cxd4 Be6 11. Bc4 Bxc4 12. Qxc4 Qb4+ 13. Qxb4 Nxb4 14. Ke2 0-0-0 15. Bd2 Nc6 16. f3 Nd5 17. Kf2 Nb6 18. Rc1 Ne5 19. Rc2 Nec4 20. Bc1 Rd5 21. Ne2 Ra5 22. Rd1 Rd8 23. Rd3 Ne5 24. Rdc3 Nc6 25. Bd2 Rb5 26. e4 Na4 27. Rb3 Rxb3 28. axb3 Nb6 29. Bc3 Ne7 30. d5 Rg8 31. Bb4 Ng6 32. Bd6 Kd7 33. Bg3 Rc8 34. Nd4 Ne7 35. Nb5 a6 36. Na7 c6 37. Nxc8 Nbxc8 38. dxc6+ Nxc6 39. Rd2+ Ke7 40. Bc7 N8a7 41. Ke3 Nb5 42. Bb6 Nb8 43. Bc5+ Ke8 44. f4 Nc6 45. Rd3 Nc7 46. g4 Ne6 47. Bd6 b5 48. f5 Ned8 49. e5 a5 50. Ke4 1-0

[Event "Terrassa op"]
[Site "Terrassa"]
[Date "2004.07.04"]
[Round "5"]
[White "Ferron Garcia, Carlos"]
[Black "Van Riemsdijk, Herman Claudius"]
[Result "1-0"]
[WhiteElo "2314"]
[BlackElo "2416"]
[PlyCount "93"]
[EventDate "2004.07.04"]
[EventType "swiss (rapid)"]
[EventRounds "9"]
[EventCountry "ESP"]
[SourceTitle "EXT 2024"]
[Source "ChessBase"]
[SourceDate "2023.10.10"]
[SourceVersion "1"]
[SourceVersionDate "2023.10.10"]
[SourceQuality "1"]

1. e4 e5 2. d4 exd4 3. Qxd4 Nc6 4. Qe3 Nf6 5. Nc3 Bb4 6. Bd2 0-0 7. 0-0-0 Re8 8. Qg3 Rxe4 9. a3 Bd6 10. f4 Re8 11. Bd3 Bf8 12. Nf3 d6 13. Ng5 h6 14. h4 Bg4 15. Rde1 Qd7 16. Nge4 Nxe4 17. Nxe4 d5 18. Nc3 Bf5 19. Bxf5 Qxf5 20. Qf3 Nd4 21. Qd1 c6 22. g4 Qd7 23. f5 Rxe1 24. Rxe1 Re8 25. Be3 c5 26. Bxd4 Rxe1 27. Qxe1 cxd4 28. Nd1 Be7 29. Qg3 Qd8 30. Qf4 Bxh4 31. Qxd4 b6 32. Nc3 Bf6 33. Qxd5 Qc7 34. Qf3 Bxc3 35. bxc3 Kh7 36. Kb2 Qe7 37. Qd3 Kg8 38. a4 Kh8 39. Qf3 Qf6 40. Qa8+ Kh7 41. Qxa7 h5 42. gxh5 Kh6 43. Qc7 Kxh5 44. Qf4 Qc6 45. Kb3 g5 46. fxg6 fxg6 47. Qh2+ 1-0

[Event "Sitges op 30th"]
[Site "Sitges"]
[Date "2004.07.??"]
[Round "4"]
[White "Ferron Garcia, Carlos"]
[Black "Mateo, Ramon"]
[Result "0-1"]
[WhiteElo "2314"]
[BlackElo "2425"]
[PlyCount "62"]
[EventDate "2004.07.??"]
[EventType "swiss"]
[EventRounds "9"]
[EventCountry "ESP"]
[SourceTitle "EXT 2005"]
[Source "ChessBase"]
[SourceDate "2004.11.15"]
[SourceVersion "1"]
[SourceVersionDate "2004.11.15"]
[SourceQuality "1"]

1. e4 c5 2. c3 Nf6 3. e5 Nd5 4. d4 cxd4 5. Nf3 b6 6. cxd4 e6 7. Nc3 Nxc3 8. bxc3 Bb7 9. Bd3 Be7 10. 0-0 Nc6 11. Re1 d5 12. Re3 Qd7 13. Nd2 Na5 14. Qg4 g6 15. Nb3 Nc4 16. Rf3 h5 17. Qf4 0-0-0 18. Qxf7 g5 19. Bh7 g4 20. Rg3 Bh4 21. Qxd7+ Rxd7 22. Bd3 Rf7 23. Bg6 Rg7 24. Bc2 Bxg3 25. fxg3 Ba6 26. a4 h4 27. gxh4 g3 28. Bg5 gxh2+ 29. Kh1 Rxg5 30. hxg5 Ne3 31. g6 Bf1 0-1

[Event "Catalunya-chT"]
[Site "Spain"]
[Date "2004.??.??"]
[Round "?"]
[White "Ayza Leon, David"]
[Black "Ferron Garcia, Carlos"]
[Result "1/2-1/2"]
[WhiteElo "2047"]
[BlackElo "2290"]
[PlyCount "90"]
[EventDate "2004.??.??"]
[EventType "team-tourn"]
[EventRounds "9"]
[EventCountry "ESP"]
[SourceTitle "EXT 2007"]
[Source "ChessBase"]
[SourceDate "2006.11.23"]
[SourceVersion "1"]
[SourceVersionDate "2006.11.23"]
[SourceQuality "1"]

1. e4 e5 2. Nf3 Nc6 3. Bb5 f5 4. Nc3 fxe4 5. Nxe4 d5 6. Nxe5 dxe4 7. Nxc6 Qg5 8. Qe2 Nf6 9. Nxa7+ Bd7 10. Bxd7+ Nxd7 11. f4 Qxf4 12. d4 Qf5 13. Nb5 Rc8 14. Rf1 Qg6 15. Kf2 c6 16. Nc3 Nf6 17. Kg1 Rd8 18. Bf4 Bd6 19. Be5 0-0 20. Bxf6 Rxf6 21. Rxf6 Qxf6 22. Qxe4 Rf8 23. Qe3 Qg6 24. Ne4 Bf4 25. Qb3+ Kh8 26. Nc5 Qh6 27. h3 Bb8 28. Nd7 Rd8 29. Nxb8 Rxb8 30. Re1 Qd6 31. Qxb7 h6 32. Qa7 Rxb2 33. Qa4 Rb4 34. Qa8+ Kh7 35. c3 Qg3 36. cxb4 Qxe1+ 37. Kh2 Qxb4 38. Qxc6 Qxd4 39. Qc2+ Kh8 40. a4 Qf4+ 41. g3 Qe5 42. Qd2 Qe6 43. a5 Qa6 44. h4 Kh7 45. h5 Qc4 1/2-1/2

[Event "Benidorm Bali op-A"]
[Site "Benidorm"]
[Date "2003.11.27"]
[Round "8"]
[White "Ferron Garcia, Carlos"]
[Black "Rosa Cintas, Raul"]
[Result "0-1"]
[WhiteElo "2279"]
[BlackElo "2144"]
[PlyCount "72"]
[EventDate "2003.11.21"]
[EventType "swiss"]
[EventRounds "9"]
[EventCountry "ESP"]
[SourceTitle "CBM 097 Extra"]
[Source "ChessBase"]
[SourceDate "2004.01.13"]
[SourceVersion "1"]
[SourceVersionDate "2004.01.13"]
[SourceQuality "1"]

1. d4 d5 2. c4 dxc4 3. Nc3 Nf6 4. Bg5 Nd5 5. Qa4+ c6 6. Qxc4 Nxc3 7. Qxc3 Qb6 8. a3 Nd7 9. e4 e5 10. Nf3 exd4 11. Nxd4 Qc5 12. Qd2 g6 13. Be3 Qe7 14. f3 Bg7 15. Be2 0-0 16. 0-0 Nc5 17. Bh6 Bxh6 18. Qxh6 Be6 19. Qe3 Rfd8 20. Rad1 a5 21. Qc3 a4 22. Qb4 Qf8 23. Rfe1 Nb3 24. Qc3 Nxd4 25. Rxd4 Bb3 26. Rc1 Rxd4 27. Qxd4 Rd8 28. Qc3 Qd6 29. Bc4 Qd4+ 30. Qxd4 Rxd4 31. Bxb3 axb3 32. Rf1 Rd2 33. Rf2 Rc2 34. Kf1 c5 35. Ke1 Rxf2 36. Kxf2 c4 0-1

[Event "Hostafrancs op 5th"]
[Site "Barcelona"]
[Date "2003.08.30"]
[Round "10"]
[White "Peek, Marcel"]
[Black "Ferron Garcia, Carlos"]
[Result "1/2-1/2"]
[WhiteElo "2405"]
[BlackElo "2289"]
[PlyCount "94"]
[EventDate "2003.08.30"]
[EventType "swiss"]
[EventRounds "9"]
[EventCountry "ESP"]
[SourceTitle "EXT 2004"]
[Source "ChessBase"]
[SourceDate "2003.11.25"]
[SourceVersion "1"]
[SourceVersionDate "2003.11.25"]
[SourceQuality "1"]

1. d4 d5 2. c4 Nc6 3. Nc3 dxc4 4. Nf3 Nf6 5. e4 Bg4 6. d5 Ne5 7. Bf4 Ng6 8. Be3 e6 9. Bxc4 exd5 10. exd5 a6 11. h3 Bxf3 12. Qxf3 Ne5 13. Qe2 Nxc4 14. Qxc4 Be7 15. 0-0 0-0 16. Rfd1 h6 17. Rac1 Bd6 18. Qb3 b6 19. Bd4 Re8 20. Re1 Nd7 21. Ne4 Be5 22. Qc3 Bxd4 23. Qxd4 Nf8 24. Red1 Ng6 25. Ng3 Qd7 26. Nh5 Re5 27. Qg4 Rd8 28. b3 Qxg4 29. hxg4 Rexd5 30. Rxd5 Rxd5 31. Rxc7 Rd1+ 32. Kh2 Rd2 33. a4 Rd3 34. f4 Rxb3 35. Rc8+ Kh7 36. Rc7 Nh8 37. Ra7 a5 38. Rb7 Rb4 39. Kg3 Rxa4 40. Rxb6 Ra3+ 41. Kf2 a4 42. Ra6 Ra1 43. f5 g6 44. Nf6+ Kg7 45. Ne4 gxf5 46. gxf5 a3 47. Nc3 a2 1/2-1/2

[Event "Catalunya-chT"]
[Site "Spain"]
[Date "2003.??.??"]
[Round "1"]
[White "Ferron Garcia, Carlos"]
[Black "Granados Gomez, Manuel"]
[Result "1/2-1/2"]
[WhiteElo "2283"]
[BlackElo "2410"]
[PlyCount "53"]
[EventDate "2003.??.??"]
[EventType "team-tourn"]
[EventRounds "9"]
[EventCountry "ESP"]
[SourceTitle "EXT 2007"]
[Source "ChessBase"]
[SourceDate "2006.11.23"]
[SourceVersion "1"]
[SourceVersionDate "2006.11.23"]
[SourceQuality "1"]

1. e4 e5 2. Nf3 Nc6 3. d4 exd4 4. Nxd4 Bc5 5. Be3 Qf6 6. c3 Nge7 7. Nc2 Bxe3 8. Nxe3 Qe5 9. Qf3 f5 10. Nxf5 Nxf5 11. Qxf5 Qxf5 12. exf5 d6 13. Bb5 Bxf5 14. Bxc6+ bxc6 15. Nd2 Bc2 16. Nc4 Rb8 17. Kd2 Bg6 18. Rae1+ Kd7 19. b3 Rhf8 20. Re2 Rb5 21. Rhe1 Rf7 22. Ne3 a5 23. c4 Rh5 24. h3 Rg5 25. Kc3 Be4 26. f3 Bg6 27. Kb2 1/2-1/2

[Event "Sitges op 28th"]
[Site "Sitges"]
[Date "2002.07.25"]
[Round "7"]
[White "Ferron Garcia, Carlos"]
[Black "Ramiro Ovejero, Juan Luis"]
[Result "1-0"]
[WhiteElo "2285"]
[BlackElo "2203"]
[PlyCount "89"]
[EventDate "2002.??.??"]
[EventType "swiss"]
[EventRounds "9"]
[EventCountry "ESP"]
[SourceTitle "EXT 2003"]
[Source "ChessBase"]
[SourceDate "2002.11.25"]
[SourceVersion "1"]
[SourceVersionDate "2002.11.25"]
[SourceQuality "1"]

1. e4 e5 2. Bb5 Nf6 3. d4 c6 4. dxe5 Nxe4 5. Qe2 Qa5+ 6. c3 Qxb5 7. Qxe4 Na6 8. a4 Qb6 9. b4 Qd8 10. Nf3 Be7 11. Qg4 Kf8 12. 0-0 d5 13. Qg3 Qd7 14. h3 Qf5 15. Bg5 Bxg5 16. Nxg5 h6 17. Nf3 Nc7 18. Nd4 Qh7 19. Nd2 Ne6 20. Nxe6+ Bxe6 21. Nb3 h5 22. Na5 Rb8 23. Qe3 Qe4 24. Qxa7 Qxe5 25. Rae1 Qf4 26. Re3 Rh6 27. Rfe1 Rg6 28. Nxb7 Kg8 29. Na5 Rc8 30. Qd4 Qh6 31. Nb3 h4 32. f4 Rf6 33. Rf3 Qh5 34. Re5 Qg6 35. Rg5 Qh6 36. Nc5 Bf5 37. Qe5 Bg6 38. a5 Ra8 39. a6 Be4 40. Re3 Rg6 41. Rxe4 dxe4 42. Rh5 Re6 43. Nxe6 Qxe6 44. Qxe6 fxe6 45. Ra5 1-0

[Event "Alicante op 5th"]
[Site "Alicante"]
[Date "2001.11.04"]
[Round "9"]
[White "Ferron Garcia, Carlos"]
[Black "Cano Gimenez, Vicente"]
[Result "1-0"]
[WhiteElo "2300"]
[BlackElo "2148"]
[PlyCount "83"]
[EventDate "2001.10.27"]
[EventType "swiss"]
[EventRounds "9"]
[EventCountry "ESP"]
[SourceTitle "CBM 085 Extra"]
[Source "ChessBase"]
[SourceDate "2002.01.21"]
[SourceVersion "1"]
[SourceVersionDate "2002.01.21"]
[SourceQuality "1"]

1. e4 c5 2. c3 d5 3. exd5 Qxd5 4. d4 Nf6 5. Nf3 e6 6. Bd3 Nc6 7. 0-0 Bd7 8. c4 Qh5 9. Be2 Qg6 10. d5 exd5 11. cxd5 Nb4 12. Ne5 Qf5 13. Nxd7 Qxd7 14. Nc3 0-0-0 15. Bf4 Bd6 16. Bg5 Be5 17. Bxf6 gxf6 18. Bf3 h5 19. Rc1 h4 20. Ne4 Rdg8 21. Nxc5 Qh3 22. Nd3+ Kb8 23. Nxe5 fxe5 24. Kh1 Qf5 25. Qe2 Nd3 26. Rc3 Nf4 27. Qe4 Qxe4 28. Bxe4 Rg5 29. Rf3 f5 30. Bb1 Nxg2 31. Rxf5 Rxf5 32. Bxf5 Nf4 33. d6 Rd8 34. Rc1 Nd5 35. d7 Nb6 36. Rc8+ Nxc8 37. dxc8Q+ Rxc8 38. Bxc8 Kxc8 39. Kg2 Kd7 40. Kh3 Ke6 41. Kxh4 Kf5 42. Kg3 1-0

[Event "Alicante op 5th"]
[Site "Alicante"]
[Date "2001.11.03"]
[Round "8"]
[White "Vassallo Barroche, Mauricio"]
[Black "Ferron Garcia, Carlos"]
[Result "1-0"]
[WhiteElo "2454"]
[BlackElo "2300"]
[PlyCount "61"]
[EventDate "2001.10.27"]
[EventType "swiss"]
[EventRounds "9"]
[EventCountry "ESP"]
[SourceTitle "CBM 085 Extra"]
[Source "ChessBase"]
[SourceDate "2002.01.21"]
[SourceVersion "1"]
[SourceVersionDate "2002.01.21"]
[SourceQuality "1"]

1. c4 e5 2. g3 Nf6 3. Bg2 d5 4. cxd5 Nxd5 5. Nc3 Nxc3 6. bxc3 Bd6 7. Nf3 0-0 8. 0-0 Nd7 9. d4 Re8 10. Qc2 Qe7 11. Rb1 exd4 12. Nxd4 Nb6 13. a4 a5 14. Nb5 Ra6 15. Nxd6 Qxd6 16. Rd1 Qe7 17. Rd4 c6 18. c4 Be6 19. Be3 Nc8 20. c5 Ra7 21. Bf4 f6 22. Bb8 Ra8 23. Bd6 Qf7 24. Qb2 Nxd6 25. cxd6 Ba2 26. Ra1 Be6 27. Rad1 Red8 28. d7 Bb3 29. R1d3 c5 30. Rd6 c4 31. Bd5 1-0

[Event "ESP-chT2"]
[Site "Vila Real"]
[Date "2001.08.14"]
[Round "2"]
[White "Ferron Garcia, Carlos"]
[Black "Bolado Saez, Sergio"]
[Result "1-0"]
[WhiteElo "2287"]
[BlackElo "2129"]
[PlyCount "67"]
[EventDate "2001.08.13"]
[EventType "team-tourn"]
[EventRounds "7"]
[EventCountry "ESP"]
[SourceTitle "EXT 2002"]
[Source "ChessBase"]
[SourceDate "2001.11.25"]
[SourceVersion "1"]
[SourceVersionDate "2001.11.25"]
[SourceQuality "1"]

1. d4 Nf6 2. Bg5 Ne4 3. Bh4 c5 4. f3 Nf6 5. c3 Qb6 6. Qd2 g6 7. dxc5 Qxc5 8. Bxf6 exf6 9. Na3 Nc6 10. e4 Be7 11. Nb5 Qe5 12. 0-0-0 0-0 13. Nd6 Rb8 14. h4 h5 15. f4 Qc5 16. Kb1 b5 17. Be2 b4 18. c4 b3 19. a3 Ba6 20. g4 hxg4 21. h5 Kg7 22. Bxg4 Bxc4 23. Nxc4 Qxc4 24. Qd3 Qa4 25. Ne2 Bxa3 26. Nc3 Qa5 27. hxg6 fxg6 28. Qxd7+ Ne7 29. Rd5 Qb4 30. bxa3 Qxc3 31. Qxe7+ Rf7 32. Qxf7+ Kxf7 33. Rd7+ Kg8 34. Be6+ 1-0

[Event "Martinenc"]
[Site "Martinenc"]
[Date "2001.01.08"]
[Round "1"]
[White "Welling, Gerard J"]
[Black "Ferron Garcia, Carlos"]
[Result "0-1"]
[WhiteElo "2385"]
[BlackElo "2286"]
[PlyCount "84"]
[EventDate "2001.01.08"]
[EventType "tourn"]
[EventRounds "11"]
[EventCountry "ESP"]
[EventCategory "5"]
[SourceTitle "CBM 080 Extra"]
[Source "ChessBase"]
[SourceDate "2001.03.08"]
[SourceVersion "1"]
[SourceVersionDate "2001.03.08"]
[SourceQuality "1"]

1. Nf3 Nc6 2. b3 d6 3. Bb2 Bg4 4. d4 Bxf3 5. gxf3 e6 6. d5 exd5 7. Qxd5 Qh4 8. Nc3 Nf6 9. Qf5 a6 10. e3 Nb4 11. Rc1 Be7 12. a3 Nc6 13. Rg1 Qxh2 14. Rxg7 Qe5 15. Qxe5 Nxe5 16. f4 Ng6 17. Bc4 c6 18. Bxf7+ Kf8 19. Rxg6 hxg6 20. Bxg6 Rh1+ 21. Ke2 Rxc1 22. Bxc1 Kg7 23. Bd3 d5 24. Bb2 Kf7 25. Kf3 Nd7 26. Bf5 Nc5 27. Ne2 Ne6 28. Ng3 Bf6 29. Be5 a5 30. Bg4 Bxe5 31. fxe5 a4 32. b4 Nc7 33. Ke2 Nb5 34. f4 Nxa3 35. f5 Nc4 36. Bh5+ Kg8 37. e6 a3 38. f6 Nd6 39. f7+ Kf8 40. e4 dxe4 41. c4 a2 42. c5 Nxf7 0-1

[Event "Catalunya-ch Absolut"]
[Site "Barcelona"]
[Date "2001.??.??"]
[Round "?"]
[White "Fluvia Poyatos, Joan"]
[Black "Ferron Garcia, Carlos"]
[Result "1-0"]
[WhiteElo "2421"]
[BlackElo "2286"]
[PlyCount "75"]
[EventDate "2001.04.08"]
[EventType "swiss"]
[EventRounds "9"]
[EventCountry "ESP"]
[SourceTitle "EXT 2008"]
[Source "ChessBase"]
[SourceDate "2007.11.25"]
[SourceVersion "1"]
[SourceVersionDate "2007.11.25"]
[SourceQuality "1"]

1. d4 d5 2. c4 Nc6 3. Nf3 e5 4. dxe5 Bb4+ 5. Bd2 dxc4 6. e3 Be6 7. Qa4 Bxd2+ 8. Nbxd2 a6 9. Nd4 b5 10. Nxc6 Qd7 11. Qb4 Qxc6 12. a4 Ne7 13. axb5 axb5 14. Rxa8+ Qxa8 15. Be2 Qd5 16. f4 Qd7 17. e4 g6 18. Nf3 0-0 19. 0-0 Nc6 20. Qc5 Rb8 21. Ra1 Bg4 22. Rd1 Qe8 23. h3 Bxf3 24. Bxf3 Rb6 25. Bg4 Qf8 26. Rd6 Qa8 27. Rf6 Qe8 28. e6 Nd8 29. Qxc7 Rxe6 30. Bxe6 Nxe6 31. Qe5 Qd7 32. f5 Nf8 33. Rd6 Qa7+ 34. Kh2 Qf2 35. Rd8 h5 36. f6 Qb6 37. Qe7 Kh7 38. Rxf8 1-0